000 00768aam a2200313 4500
005 20250602184933.0
008 150617b2004 xxu||||| |||| 00| 0 spa d
020 _a9875170658
041 _aESP
082 _a614.12 C292m
100 _aCaro, Patricia M.
_925754
245 _aManual de química forense
260 _aArgentina
260 _bLa Rocca
260 _c2004
300 _a271 páginas
650 _aQUÍMICA FORENSE
650 _aSITIO DEL SUCESO
650 _aRECOLECCIÓN DE INDICIOS
650 _aPERICIA
650 _aELEMENTOS PILOSOS
650 _aINCENDIOS
650 _aASFIXIA
650 _aCROMATOGRAFÍA
650 _aQUÍMICA BALÍSTICA
650 _aQUÍMICA DOCUMENTOLÓGICA
942 _cBK
_2ddc
999 _c1377
_d1377